000 00421nam a2200169Ia 4500
001 66863
008 150514s9999 xx 000 0 und d
020 _aNA
040 _cPK-LaUMT
082 _aMAL 133.3
_bLEW-S
100 _aLewinsohn, Richard
245 _aScience prophecy and predication
_cLewinsohn, Richard
260 _aNew York,USA:
_bA Perigee Book,
_c1961
300 _a304 p.
546 _aEN
942 _cBK
999 _c71691
_d71691